000 00465nam a2200181 a 4500
001 1770453313433
003 YourLibrary
005 20260207140846.0
008 260207s2009##################000#0#eng##
020 _a9780077246020
082 0 4 _a332.6
_bEPP
100 1 _aBodie, Zvi,
_eauthor.
245 1 0 _aStudent Problem Manual :
260 _bMcGraw-Hill/Irwin,
_c2009.
650 0 _aInvestments.
942 _cENGLISH
040 _aYourLibrary
_beng
_cYourLibrary
999 _c611098
_d611098